<?xml version="1.0" encoding="UTF-8"?>
<record
    xmlns:xsi="http://www.w3.org/2001/XMLSchema-instance"
    xsi:schemaLocation="http://www.loc.gov/MARC21/slim http://www.loc.gov/standards/marcxml/schema/MARC21slim.xsd"
    xmlns="http://www.loc.gov/MARC21/slim">

  <leader>02110nam a22001577a 4500</leader>
  <datafield tag="999" ind1=" " ind2=" ">
    <subfield code="c">515592</subfield>
    <subfield code="d">515592</subfield>
  </datafield>
  <controlfield tag="008">210202b           ||||| |||| 00| 0 eng d</controlfield>
  <datafield tag="100" ind1=" " ind2=" ">
    <subfield code="a">Kuriakose , Francis andIyer, Kylasam Deepa</subfield>
    <subfield code="9">24047</subfield>
  </datafield>
  <datafield tag="245" ind1=" " ind2=" ">
    <subfield code="a">Job polarisation in India: Structural causes and policy implications Authors</subfield>
  </datafield>
  <datafield tag="260" ind1=" " ind2=" ">
    <subfield code="a">The Indian Journal of Labour Economics  </subfield>
  </datafield>
  <datafield tag="300" ind1=" " ind2=" ">
    <subfield code="a">63(2), Apr-Jun, 2020: p.247-266</subfield>
  </datafield>
  <datafield tag="520" ind1=" " ind2=" ">
    <subfield code="a">Automation impacts wage levels at the micro-level and the structure of employment at the macro-level. Job polarisation is defined as the automation of &#x2018;middle-skilled&#x2019; jobs that require routine cognitive and manual applications, whilst high- and low-skilled occupations are preserved. This paper examines the nature of job polarisation in India during the period 1983&#x2013;2012 when Indian manufacturing sector was being automated. The research uses disaggregated data from National Sample Survey Office and examines the impact of supply-side factors such as nature of employment and presence of educated labour force. The study has three observations. First, the increased demand for high-skilled workers in the formal manufacturing sector is due to skill bias of technology and conforms to theoretical expectation. Second, the transition of agricultural labourers to low-skilled manufacturing sectors such as construction and textiles signals distress in traditional manufacturing sector to provide employment to these groups. Third, the over-supply of secondary and tertiary educated labour force has resulted in the squeezing out of middle-skilled workers from middle-skilled jobs to relatively low-skilled manufacturing and service occupations. This explains the persistence of routine occupations even after automation. The study concludes that in the Indian manufacturing sector, increased demand for high- and low-skilled jobs has coexisted with the middle-skilled jobs due to supply-side factors. &#x2013; Reproduced </subfield>
  </datafield>
  <datafield tag="650" ind1=" " ind2=" ">
    <subfield code="a">Employment, Job polarization, Supply-side factors, Manufacturing,India</subfield>
    <subfield code="9">21280</subfield>
  </datafield>
  <datafield tag="773" ind1=" " ind2=" ">
    <subfield code="a">The Indian Journal of Labour Economics  </subfield>
  </datafield>
  <datafield tag="906" ind1=" " ind2=" ">
    <subfield code="a">AUTOMATION</subfield>
  </datafield>
  <datafield tag="942" ind1=" " ind2=" ">
    <subfield code="c">AR</subfield>
  </datafield>
  <datafield tag="952" ind1=" " ind2=" ">
    <subfield code="0">0</subfield>
    <subfield code="1">0</subfield>
    <subfield code="2">ddc</subfield>
    <subfield code="4">0</subfield>
    <subfield code="7">0</subfield>
    <subfield code="9">389663</subfield>
    <subfield code="a">IIPA</subfield>
    <subfield code="b">IIPA</subfield>
    <subfield code="d">2021-02-02</subfield>
    <subfield code="h">63(2), Apr-Jun, 2020: p.247-266</subfield>
    <subfield code="p">AR124024</subfield>
    <subfield code="r">2021-02-02</subfield>
    <subfield code="y">AR</subfield>
  </datafield>
</record>
